000
00295nam a2200109Ia 4500
008
220204s9999 xx 000 0 und d
082
_a
678.763.2
_b
THO
100
_a
Thompson, D C
245
0
_a
Mechanical molded goods: Neoprene and hypalas
260
_a
Wilmington
_b
EIDu Pont
_c
1955
942
_c
REF
999
_c
24227
_d
24227